Hindu ekta banam jnan kee rajneeti(हिंदू एकता बनाम ज्ञान की राजनीति) (Record no. 114087)

MARC details
000 -LEADER
fixed length control field 00507 a2200157 4500
005 - DATE AND TIME OF LATEST TRANSACTION
control field 20260417101406.0
008 - FIXED-LENGTH DATA ELEMENTS--GENERAL INFORMATION
fixed length control field 260324b |||||||| |||| 00| 0 eng d
020 ## - INTERNATIONAL STANDARD BOOK NUMBER
International Standard Book Number 9789389012453
080 ## - UNIVERSAL DECIMAL CLASSIFICATION NUMBER
Universal Decimal Classification number 323.13=H
Item number DUB/H
100 ## - MAIN ENTRY--PERSONAL NAME
Personal name Dubey,Abhay Kumar
245 ## - TITLE STATEMENT
Title Hindu ekta banam jnan kee rajneeti(हिंदू एकता बनाम ज्ञान की राजनीति)
260 ## - PUBLICATION, DISTRIBUTION, ETC. (IMPRINT)
Name of publisher, distributor, etc Vani Prakashan.
Place of publication, distribution, etc New Delhi.
Date of publication, distribution, etc 2021.
300 ## - PHYSICAL DESCRIPTION
Extent 278p.
653 ## - INDEX TERM--UNCONTROLLED
Uncontrolled term Hindu unity-Nationalism
942 ## - ADDED ENTRY ELEMENTS (KOHA)
item type Under processing
Holdings
Lost status Source of classification or shelving scheme Not for loan Home library Current library Shelving location Date acquired Cost, normal purchase price Total Checkouts Full call number Barcode Date last seen Cost, replacement price Price effective from Koha item type
  Universal Decimal Classification Not For Loan University Library University Library On Display 13/01/2025 357.50   323.13=H DUB/H 00096416 13/01/2025 550.00 13/01/2025 Books
University Library, CUSAT